|
|
|
|
| LEADER |
00732cam a2200241 7i4500 |
| 001 |
0000035792 |
| 005 |
20210106090000.0 |
| 020 |
|
|
|a 9780323045506 (pbk.)
|
| 020 |
|
|
|a 0323045502 (pbk.)
|
| 090 |
0 |
0 |
|a QV18.2
|b .P39 2007
|
| 100 |
1 |
|
|a Pazdernik, Thomas L
|
| 245 |
1 |
0 |
|a Pharmacology
|c Thomas L. Pazdernik, Laszlo Kerecsen.
|
| 250 |
|
|
|a 2nd ed.
|
| 260 |
|
|
|a Philadelphia:
|b Mosby,
|c 2007.
|
| 300 |
|
|
|a 354 p.:
|b ill.;
|c 24 cm.
|
| 490 |
0 |
|
|a Rapid review series
|
| 650 |
0 |
0 |
|a Drug therapy
|
| 650 |
0 |
0 |
|a Pharmaceutical preparations
|
| 650 |
0 |
0 |
|a Pharmaceutical preparations
|
| 650 |
0 |
0 |
|a Drug therapy
|
| 700 |
1 |
|
|a Kerecsen, Laszlo
|
| 997 |
|
|
|a Health Sciences, Faculty
|
| 999 |
|
|
|a 0000046885
|b BOK
|c OPEN SHELF
|e 1st Floor, Shah Alam
|